№ 4-5; Вестник Западно-Сибирского геологического управления

書目詳細資料
Parent link:Вестник Западно-Сибирского геологического управления: [сборник статей]/ Западно-Сибирское геологическое управление. № 4-5.— , 1938-1945
其他作者: Мамлин Н. С.
語言:俄语
出版: 1944
主題:
格式: 圖書
KOHA link:https://koha.lib.tpu.ru/cgi-bin/koha/opac-detail.pl?biblionumber=294144

MARC

LEADER 00000nam2a2200000 4500
001 294144
005 20231102000650.0
035 |a (RuTPU)RU\TPU\book\319194 
035 |a RU\TPU\book\319193 
035 |a RU\TPU\book\252913 
090 |a 294144 
100 |a 20150508d1944 k y0rusy50 ca 
101 0 |a rus 
102 |a RU 
105 |a a z 001zy 
200 0 |a № 4-5  |f гл. ред. Н. С. Мамлин 
210 |d 1944 
215 |a 61 с.  |c ил. 
320 |a Библиогр. в конце ст. 
461 1 |0 (RuTPU)RU\TPU\book\252909  |t Вестник Западно-Сибирского геологического управления  |o [сборник статей]  |f Западно-Сибирское геологическое управление  |v № 4-5  |d 1938-1945 
606 1 |a Геология  |y Западная Сибирь  |2 stltpush  |3 (RuTPU)RU\TPU\subj\70290  |9 84644 
610 1 |a Кузбасс 
610 1 |a каменный уголь 
610 1 |a бокситы 
610 1 |a Минусинский бассейн 
610 1 |a стратиграфия 
610 1 |a марганцевые месторождения 
610 1 |a тектоника 
610 1 |a касситерит 
610 1 |a месторождения 
675 |a 55(571.1)  |v 3 
702 1 |a Мамлин  |b Н. С.  |4 651 
801 1 |a RU  |b 63413507  |c 20130206 
801 2 |a RU  |b 63413507  |c 20150508  |g RCR 
942 |c BK